Normal view
MARC view
- terza età
Entry Topical Term
001 - CONTROL NUMBER
- control field: 63475
003 - CONTROL NUMBER IDENTIFIER
- control field:
005 - DATE AND TIME OF LATEST TRANSACTION
- control field: 20260310112616.0
008 - FIXED-LENGTH DATA ELEMENTS
- fixed length control field: 260310|| aca||aabn | a|a d
040 ## - CATALOGING SOURCE
- Original cataloging agency:
- Transcribing agency:
150 ## - HEADING--TOPICAL TERM
- Topical term or geographic name entry element: terza età
- Form subdivision: dossier
670 ## - SOURCE DATA FOUND
- Source citation: Work cat.: ()218310: Ariuli Giannaldo 63474, Ospizi per anziani? Tra ghetto e lager, 1991